02579nam a22002177a 4500003000900000008004100009040007100050082002400121110003900145245007000184260003000254300002900284440007100313505184400384650002302228650001002251650001802261700002802279700002402307700003002331AR-CdUCM190425b ||||| |||| 00| 0 spa d aMUNICIPALIDAD PROVINCIAL DEL CUSCOcBIBLIOTECA MUNICIPAL DEL CUSCO aRev. Muni/N°1/1991 aMunicipalidad Provincial del Cusco aRevista Municipal del Cusco /cMunicipalidad Provincial del Cusco aCusco.bMercantil,c1990. a118 páginas. :c28 cm. aRevista Municipal del Cusco.nAño I, N°1, segunda época 1990. aContenido: El calendario de los incas. Manuel Chávez Ballón. -- La intangibilidad arqueológica virreinal y republicana del Cusco. Arminda Gibaja Oviedo. -- Los topónimos, la toponimia y la ciudad del Cusco. Víctor Angles Vargas . -- Doña Clorinda Matto de Turner, Periodista. Alcides F. Estrada. -- El primer Corpus Christi cusqueño. Jorge Flores Ochoa. -- Protección del entorno paisajístico arqueológico y ecológico del Cusco. José Carlos Gutiérrez. -- El carácter revolucionario de la obra del Inca Garcilaso y la influencia incaica en el socialismo científico. Julio Antonio Gutiérrez Samanez. -- Localismo y universalidad en la narración Latinoamericana. Gustavo Pérez Ocampo. -- Papeles viejos, pasado que se hace presente iniciación del movimiento sindical y la fundación del primer Sindicato Obrero cusqueño. Julio Gutiérrez Loayza. -- Para ver el teatro nacional desde la butaca provincial. Guido Guevara U. Zulema Arriola. -- Elementos para el diagnostico de la problemática productiva en los barrios populares. Vidal Pino Zambrano. El edicto municipal 002, seis años después. Rafael Velarde Alvarado. El Cusco tendrá finalmente su teatro municipal. La redacción. -- La republica del Cusco. Alcides F. Estrada. -- Acta extraordinaria de la instalación del Concejo Municipal del Cusco -- Comentarios de la obra Música Inkaika del musicólogo cusqueño Policarpo Caballero Farfán -- Relación de los funcionarios de la Municipalidad del Cusco -- Notas culturales -- Himno al Cusco -- Estafeta -- Concejo Municipal Provincial del Cusco Alcalde y Regidores -- Ley que establece la Semana del Cusco Ley 10196 -- Medalla de la ciudad -- Oración al Cusco -- Trabajo de comisiones notas breves -- Decretos de Alcaldía, resoluciones, acuerdos municipales, normas legales. aHistoria del Cusco aInkas aCusqueñismo aAngles Vargas, Víctor aFlores Ochoa, Jorge aGutiérrez Loayza, Julio